000 00963nam a2200277 a 4500
001 000014644
005 20200929163858.0
008 100116s1972 sp 000 0 spa d
040 _aDO-SdBNP
_bspa
_cBNPHU
041 1 7 _aspa
_heng
_2Código de idioma MARC
082 _a891.623
_bC672q
100 1 _aCoe, R. N.,
_d1923-1987
_933184
240 1 0 _aBeckett.
_lEspañol
245 1 0 _aQué ha dicho verdaderamente :
_bBeckett /
_cR. N. Coe ; traducción de María Esther Benítez.
260 _aMadrid :
_bDoncel,
_c1972.
300 _a161, [6] p. ;
_c18 cm.
490 1 _aQué ha dicho verdaderamente
_v20
534 _pTítulo original en inglés:
_tBeckett
600 1 0 _aBECKETT, SAMUEL,
_d1906-1989
_xCRÍTICA E INTERPRETACIÓN
_933185
650 4 _aNovela irlandesa
_911511
650 4 _aLiteratura irlandesa
_911512
700 1 _aBenítez, María Esther,
_etr.
_933186
830 0 _aQué ha dicho verdaderamente ;
_v20
_933187
910 _aWM
049 _aBNGR
999 _c14228
_d14228